| 000 | 00783cam0a220022900 4500 | ||
|---|---|---|---|
| 001 | qce01972727 | ||
| 005 | 20190822112539.0 | ||
| 008 | 820719c19651964xx a 000 0 eng d | ||
| 035 | _a(Sirsi) r94391 | ||
| 035 | _a(QCAT)lss03478007 | ||
| 035 | _a(UPRA)qce01972727 | ||
| 040 | _dUPRA | ||
| 100 | 1 |
_aDobzhansky, Theodosius Grigorievich, 1900-1975. _dDobzhansky, Theodosius Grigorievich, 1900-1975. _6A12664.1 |
|
| 245 | 1 | 0 |
_aHeredity and the nature of man / _c[by] Theodosius Dobzhansky. |
| 250 | _a[1st ed.]. | ||
| 260 |
_a[S.l.] : _bAllen and Unwin, _c[1965, c1964] |
||
| 500 | _aFirst published in 1964. | ||
| 504 | _aBibliography: p. 166-171. | ||
| 650 | 0 |
_aHeredity, Human. _6S1948.1 |
|
| 949 |
_aQH431 _wlcc _i33729000324223 _mMAIN _p2500 _tBOOK _lON-SHELF |
||
| 004 | 94391 | ||
| 999 |
_c133131 _d133131 |
||